|
|
|
|
| LEADER |
02049cas a2200277 a 4500 |
| 001 |
AALejournalIMF022175 |
| 008 |
230101c9999 xx r poo 0 0eng d |
| 020 |
|
|
|c 5.00 USD
|
| 020 |
|
|
|z 9781557753526
|
| 022 |
|
|
|a 1934-7685
|
| 040 |
|
|
|a BD-DhAAL
|c BD-DhAAL
|
| 110 |
2 |
|
|a International Monetary Fund.
|b Statistics Dept.
|
| 245 |
1 |
0 |
|a Philippines :
|b Financial Soundness Indicators.
|
| 264 |
|
1 |
|a Washington, D.C. :
|b International Monetary Fund,
|c 2021.
|
| 300 |
|
|
|a 1 online resource (27 pages)
|
| 490 |
1 |
|
|a IMF Staff Country Reports
|
| 500 |
|
|
|a <strong>Off-Campus Access:</strong> No User ID or Password Required
|
| 500 |
|
|
|a <strong>On-Campus Access:</strong> No User ID or Password Required
|
| 506 |
|
|
|a Electronic access restricted to authorized BRAC University faculty, staff and students
|
| 520 |
3 |
|
|a With the support of the IMF's Asia and Pacific Department (APD) and the Bangko Sentral ng Pilipinas (BSP), an IMF Statistics Department (STA)'s remote financial soundness indicators (FSIs) technical assistance (TA) mission took place during April 30-May 14, 2021. The main objective of the mission was to assist the BSP in compiling FSI for the other financial corporations (OFCs) sector, in line with the 2019 Financial Soundness Indicators Compilation Guide (Guide). Specifically, the Guide recommends compiling indicators for money market funds, insurance corporations, and pension funds, as well as for the total OFC sector. The work of the mission was facilitated by the excellent collaboration of BSP's staff, in particular of the Department of Economic Statistics (DES). The list of officials met during the mission can be found in Appendix I.
|
| 538 |
|
|
|a Mode of access: Internet
|
| 650 |
|
7 |
|a International Agreements and Observance
|2 imf
|
| 650 |
|
7 |
|a International Organizations
|2 imf
|
| 650 |
|
7 |
|a Monetary Policy
|2 imf
|
| 830 |
|
0 |
|a IMF Staff Country Reports; Country Report ;
|v No. 2021/247
|
| 856 |
4 |
0 |
|z Full text available on IMF
|u http://elibrary.imf.org/view/journals/002/2021/247/002.2021.issue-247-en.xml
|z IMF e-Library
|